000 00553nam a2200217Ia 4500
003 OSt
005 20220926044728.0
006 a|||||r|||| 00| 0
007 ta
008 220923b |||||||| |||| 00| 0 eng d
037 _cGeneral Book
040 _aRTL
_cRTL
_beng
041 _2eng
_aeng
082 _aV2-1:1.M, C4
100 _aLee-Warner William
245 0 _aProtected princes of India
260 _c1884
650 _aBureaucracy India
942 _hV2-1:1.M, C4
_cGB
_2CC
999 _c675619
_d675619